00000000nam 2200000za 4500
0019.652954
003CaOODSP
00520240508142208
007ta
008150407|1988||||xxc|||||     f|0| 0 fre d
020 |a0-660-54235-8
040 |aCaOODSP|bfre
041 |aeng
041 |afre
043 |an-cn---
0861 |aYX44-1985/I
1101 |aCanada.|bStatuts.
24510|aLois révisées du Canada (1985), Supplément I
260 |bStatuts, |c1988.
5203 |aLes lois révisées sont également disponibles individuellement. Elles sont vendues en version reliée (par agrafage). On peut se prévaloir du service de commande permanente pour chaque loi individuelle.
590 |a88-30|b1988-07-29
7760#|tRevised Statutes of Canada, 1985. 1st supplement / |w(CaOODSP)9.676803
791 |tRevised Statutes of Canada, 1985, Supplement I |eeng|w(CaOODSP)9.652953